000 00640nam a2200181Ia 4500
008 100921s9999 xx 000 0 und d
082 _b22558
_a891.463 थ 89
100 _aमंगेशकर गीता.
245 _aजन्मभूमी.
260 _bबांदोडकर प्रकाशन, गोवा.
_c1989
300 _a230
_bशब्दाली एंटरप्रायजेस्र
365 _b75
520 _aललित-कादंबरी.
630 _aजन्मभूमी.
650 _aललित-कादंबरी.
730 _aजन्मभूमी.
942 _cBOOK
999 _c771671
_d771668